| 000 | 00842nam a22002657a 4500 | ||
|---|---|---|---|
| 001 | 9872 | ||
| 003 | FISKH | ||
| 005 | 20260310141940.0 | ||
| 008 | 260310b cb ||||| |||| 00| 0 eng d | ||
| 040 |
_aFISKH _beng _cFISKH _dFISKH |
||
| 050 | _aQC225 | ||
| 082 | _a534 | ||
| 100 | _aAnonymous | ||
| 245 | _aSound / | ||
| 260 |
_aLondon : _bTom Stacey, _c1973 |
||
| 300 |
_a32 pages : _bcolor illustrations ; _c19 cm |
||
| 490 |
_aMagic Science series : _vLevel 11 |
||
| 505 | _aP | ||
| 520 | _aThis science reader explains how sound is made and how it travels. Students learn about vibrations, sound waves, and how our ears hear sound, using simple examples and pictures. | ||
| 521 | 8 |
_a650
_bLexile |
|
| 521 | 8 |
_aP
_bRaz-Plus |
|
| 650 |
_aSound _vScience for children _xwaves |
||
| 942 |
_2ddc _cBK _n0 |
||
| 999 |
_c9872 _d9872 |
||